| 000 | 00497nam a22001937a 4500 | ||
|---|---|---|---|
| 003 | OSt | ||
| 005 | 20140310182215.0 | ||
| 008 | 130907t xxu||||| |||| 00| 0 eng d | ||
| 020 | _a1858051541 | ||
| 050 |
_aT 385 _b.L816 1996 |
||
| 082 |
_aHS 604.2 _bL79 1996 |
||
| 100 |
_aLockley, SR _916979 |
||
| 245 |
_aAutoCAD / _cSR Lockley. |
||
| 260 |
_aLondon : _bAldine Place, _cc1996. |
||
| 300 |
_a314 p. : _bill. ; _c24 cm. |
||
| 650 |
_aAutocad. _916980 |
||
| 942 |
_2lcc _cHS |
||
| 999 |
_c10560 _d10560 |
||